|
|
|
|
| LEADER |
00000naa2a2200000 4500 |
| 001 |
607686 |
| 005 |
20260312092040.0 |
| 035 |
|
|
|a (RuTPU)RU\TPU\conf\5092
|
| 035 |
|
|
|a RU\TPU\conf\5090
|
| 090 |
|
|
|a 607686
|
| 100 |
|
|
|a 20140827d2014 k y0rusy50 ca
|
| 101 |
0 |
|
|a rus
|
| 102 |
|
|
|a RU
|
| 135 |
|
|
|a drcn ---uucaa
|
| 181 |
|
0 |
|a i
|
| 182 |
|
0 |
|a b
|
| 200 |
1 |
|
|a Анализ систем, моделей и алгоритмов формирования информационно-коммуникационной компетентности обучаемых
|f Е. В. Молнина, С. А. Молнин
|
| 203 |
|
|
|a Текст
|c электронный
|
| 215 |
|
|
|a 1 файл (505 Кб)
|
| 225 |
1 |
|
|a Автоматизация и информатизация, экономика и менеджмент на предприятии
|
| 300 |
|
|
|a Заглавие с титульного листа.
|
| 320 |
|
|
|a [Библиогр.: с. 92 (10 назв.)]
|
| 337 |
|
|
|a Adobe Reader
|
| 461 |
|
1 |
|0 (RuTPU)RU\TPU\conf\4003
|t Инновационные технологии и экономика в машиностроении
|o сборник трудов V Международной научно-практической конференции, г. Юрга, 22-23 мая 2014 г.
|o в 2 т.
|f Национальный исследовательский Томский политехнический университет (ТПУ), Юргинский технологический институт (ЮТИ) ; под ред. Д. А. Чинахова
|d 2014
|
| 463 |
|
1 |
|0 (RuTPU)RU\TPU\conf\4014
|t Т. 2
|v [С. 87-92]
|d 2014
|
| 610 |
1 |
|
|a труды учёных ТПУ
|
| 610 |
1 |
|
|a электронный ресурс
|
| 610 |
1 |
|
|a алгоритмы
|
| 610 |
1 |
|
|a информационно-коммуникативные компетенции
|
| 610 |
1 |
|
|a обучение
|
| 610 |
1 |
|
|a компетентность
|
| 610 |
1 |
|
|a студенты
|
| 610 |
1 |
|
|a информационно-коммуникационные технологии
|
| 700 |
|
1 |
|a Молнина
|b Е. В.
|c российский учёный в области информационных систем
|c старший преподаватель Юргинского технологического института (филиал) Томского политехнического университета
|g Елена Владимировна
|3 (RuTPU)RU\TPU\pers\24247
|
| 701 |
|
1 |
|a Молнин
|b С. А.
|c специалист в области информатики и вычислительной техники
|c лаборант Юргинского технологического института Томского политехнического университета
|g Станислав Андреевич
|3 (RuTPU)RU\TPU\pers\32575
|9 16496
|
| 712 |
0 |
2 |
|a Национальный исследовательский Томский политехнический университет (ТПУ)
|b Юргинский технологический институт (филиал) (ЮТИ)
|b Кафедра информационных систем (ИС)
|3 (RuTPU)RU\TPU\col\18893
|
| 801 |
|
2 |
|a RU
|b 63413507
|c 20140827
|g RCR
|
| 856 |
4 |
|
|u http://www.lib.tpu.ru/fulltext/c/2014/C30/V2/019.pdf
|
| 942 |
|
|
|c BK
|